[Event "Championship Saratov region 2014"]
[Site "Saratov"]
[Date "2014.12.08"]
[Round "3.17"]
[White "Bolychevsky, Alexander"]
[Black "Machkalyan, Karen"]
[Result "1-0"]
[WhiteElo "1861"]
[BlackElo "1769"]
[PlyCount "112"]
[EventDate "2014.12.06"]

1. Nf3 e6 2. d4 c5 3. c4 cxd4 4. Nxd4 a6 5. Nc3 Qc7 6. e4 g6 7. Be3 Bg7 8. Qd2
b6 9. Be2 Bb7 10. f3 Ne7 11. Bh6 O-O 12. Nc2 Nbc6 13. Bxg7 Kxg7 14. O-O-O Rfd8
15. h4 Rac8 16. h5 Ng8 17. hxg6 fxg6 18. Qd6 Ne5 19. Ne3 Nf6 20. Kb1 Nf7 21.
Qd2 d6 22. Qd4 Rd7 23. Na4 Bc6 24. Nc3 Bb7 25. g4 Qc5 26. Qd2 Bc6 27. Nc2 e5
28. b4 Qf2 29. Rdg1 b5 30. Ne3 Ng5 31. Qc1 Nfxe4 32. Rg2 Nxc3+ 33. Qxc3 Ne4 34.
Qc1 Qxe2 35. Rxe2 Ng3 36. Rf2 Nxh1 37. Qxh1 bxc4 38. Nxc4 Rb8 39. a3 Bd5 40.
Nb2 a5 41. bxa5 Rf7 42. Qd1 Rb5 43. a6 Ra7 44. Qd3 Ra5 45. Rh2 R7xa6 46. Qd2
Bg8 47. Qh6+ Kf7 48. Rc2 Ra7 49. Rc8 Kf6 50. Rxg8 Rxa3 51. g5+ Ke6 52. Rc8 Rxf3
53. Re8+ Kd5 54. Qh1 Raf7 55. Qd1+ Kc6 56. Qa4+ Kd5 1-0

[Event "Championship Saratov region 2014"]
[Site "Saratov"]
[Date "2014.12.08"]
[Round "3.18"]
[White "Davydov, Artem"]
[Black "Raisov, Idris"]
[Result "1/2-1/2"]
[WhiteElo "1713"]
[BlackElo "2049"]
[PlyCount "116"]
[EventDate "2014.12.06"]

1. c4 e5 2. Nc3 Nf6 3. g3 Bc5 4. Nf3 Nc6 5. Rb1 d6 6. a3 a5 7. Bg2 O-O 8. O-O
h6 9. d3 Be6 10. Na4 Ba7 11. b4 axb4 12. axb4 e4 13. Ne1 exd3 14. exd3 d5 15.
c5 b5 16. Nc3 Qb8 17. Nc2 Bg4 18. Qd2 Rd8 19. Na3 Nxb4 20. Rxb4 Bxc5 21. Rxb5
Qa7 22. Nc2 c6 23. Rb1 Qd7 24. Bb2 Bh3 25. Ne2 Bxg2 26. Kxg2 Qg4 27. Bxf6 gxf6
28. d4 Bd6 29. Nb4 c5 30. dxc5 Bxc5 31. Nf4 d4 32. Rfc1 Qf5 33. Qc2 Qxc2 34.
Rxc2 Bf8 35. Nbd3 Ra7 36. Rc6 Bd6 37. Rbb6 Bxf4 38. Nxf4 d3 39. Rd6 Rad7 40.
Rxd7 Rxd7 41. Rb1 d2 42. Rd1 Kg7 43. Kf1 f5 44. Ke2 Kf6 45. Rxd2 Ra7 46. Rd6+
Kg7 47. Nh5+ Kh7 48. Rf6 Ra5 49. Rxf7+ Kg6 50. Rf6+ Kxh5 51. h4 Rb5 52. Kf3 Ra5
53. Kf4 Rb5 54. f3 Rb4+ 55. Kxf5 Rb5+ 56. Ke4 Re5+ 57. Kf4 Re4+ 58. Kf5 Re5+
1/2-1/2

[Event "Championship Saratov region 2014"]
[Site "Saratov"]
[Date "2014.12.08"]
[Round "3.19"]
[White "Dmitrieva, Galina"]
[Black "Fedukin, Alexandre"]
[Result "0-1"]
[WhiteElo "1544"]
[BlackElo "1862"]
[PlyCount "108"]
[EventDate "2014.12.06"]

1. d4 Nf6 2. c4 e6 3. Nc3 Bb4 4. Qc2 c5 5. dxc5 Bxc5 6. Nf3 Nc6 7. Bg5 Qb6 8.
e3 Be7 9. Be2 h6 10. Bh4 O-O 11. O-O Nb4 12. Qd2 a5 13. a3 Na6 14. Rac1 Nc5 15.
Nd4 Nfe4 16. Nxe4 Nxe4 17. Qc2 Bxh4 18. Qxe4 Bf6 19. Bd3 g6 20. Rc2 d6 21. Nb5
Rd8 22. Qg4 Kg7 23. h4 h5 24. Qg3 Bd7 25. Be2 Kh7 26. Nxd6 Ba4 27. c5 Qc7 28.
Rc4 Bb3 29. Rf4 Be5 30. Rxf7+ Qxf7 31. Nxf7 Bxg3 32. Ng5+ Kg8 33. fxg3 Rd2 34.
Rf2 Rxb2 35. Bd3 Rxf2 36. Kxf2 Kg7 37. Be4 Rc8 38. Bxb7 Rxc5 39. Be4 e5 40. Bd3
Rc1 41. Kf3 Ra1 42. Ke4 Rxa3 43. Kxe5 Bg8 44. Ke4 Ra2 45. Kf3 a4 46. Be4 a3 47.
g4 hxg4+ 48. Kxg4 Rxg2+ 49. Bxg2 a2 50. e4 a1=Q 51. Kf4 Qg1 52. Bf3 Qf2 53. Kg4
Kf6 54. Nh3 Be6+ 0-1

[Event "Championship Saratov region 2014"]
[Site "Saratov"]
[Date "2014.12.09"]
[Round "4.1"]
[White "Biryukov, Dmitriy"]
[Black "Karpenko, Artem"]
[Result "1/2-1/2"]
[WhiteElo "2278"]
[BlackElo "2165"]
[PlyCount "81"]
[EventDate "2014.12.06"]

1. e4 e5 2. Nf3 Nc6 3. Bb5 a6 4. Ba4 Nf6 5. O-O b5 6. Bb3 Bb7 7. d3 Be7 8. a4
O-O 9. Nc3 b4 10. Nd5 Na5 11. Nxe7+ Qxe7 12. Ba2 d6 13. Bg5 h6 14. Bd2 c5 15.
Nh4 Kh7 16. Nf5 Qd8 17. f4 Nc6 18. Qf3 Bc8 19. fxe5 Nxe5 20. Qf4 Ng8 21. Qg3
Bxf5 22. Rxf5 Qd7 23. Bb3 Ne7 24. Rf2 N7c6 25. Bd5 Rab8 26. Bxc6 Qxc6 27. b3
Rbe8 28. Bf4 Re6 29. Bxe5 Rxe5 30. Raf1 f6 31. Rf5 Rfe8 32. h4 d5 33. h5 R8e6
34. Qg6+ Kh8 35. Rxe5 Rxe5 36. Rf5 Qe6 37. Rxe5 Qxe5 38. Kf2 Qf4+ 39. Ke2 d4
40. Qe8+ Kh7 41. Qg6+ 1/2-1/2

[Event "Championship Saratov region 2014"]
[Site "Saratov"]
[Date "2014.12.09"]
[Round "4.2"]
[White "Gluhenkii, Dmitry"]
[Black "Dmitriev, Igor"]
[Result "1-0"]
[WhiteElo "2141"]
[BlackElo "2279"]
[PlyCount "77"]
[EventDate "2014.12.06"]

1. e4 e6 2. Nf3 d5 3. Nc3 Nf6 4. exd5 exd5 5. d4 Bg4 6. Qd3 Bxf3 7. Qxf3 Be7 8.
Bg5 c6 9. O-O-O Nbd7 10. Bd3 Nf8 11. Bf5 Ne6 12. Bxe6 fxe6 13. Qh3 Qd7 14. Rhe1
Kf7 15. Rd3 Rae8 16. Rde3 Bd8 17. Ne2 Ba5 18. c3 Ne4 19. Bf4 Rhf8 20. Rxe4 dxe4
21. Qh5+ Kg8 22. Qxa5 Qd5 23. Qa4 b5 24. Qb3 a5 25. Be3 a4 26. Qa3 e5 27. Kb1
exd4 28. cxd4 Qh5 29. h3 Qg6 30. g4 h5 31. gxh5 Qxh5 32. Nf4 Qf3 33. Qd6 Rf6
34. Qc7 Ref8 35. Rg1 R8f7 36. Qc8+ Rf8 37. Qd7 R8f7 38. Qe8+ Rf8 39. Qe5 1-0

[Event "Championship Saratov region 2014"]
[Site "Saratov"]
[Date "2014.12.09"]
[Round "4.3"]
[White "Shlegin, Stanislav"]
[Black "Aseeva, Anastasia"]
[Result "1-0"]
[WhiteElo "2336"]
[BlackElo "1983"]
[PlyCount "113"]
[EventDate "2014.12.06"]

1. c4 Nf6 2. Nc3 c6 3. Nf3 d5 4. e3 e6 5. b3 Bd6 6. Bb2 Nbd7 7. Qc2 a6 8. Be2
Qe7 9. d4 O-O 10. c5 Bc7 11. b4 e5 12. Nd2 Re8 13. O-O-O Nf8 14. Nb3 Bg4 15.
Bxg4 Nxg4 16. h3 Nf6 17. Kb1 N6d7 18. e4 dxe4 19. d5 cxd5 20. Nxd5 Qd8 21. Qxe4
Rb8 22. Rhe1 Nf6 23. Qf3 Nxd5 24. Rxd5 Qg5 25. Red1 Qg6+ 26. Ka1 f6 27. Nd2 e4
28. Qb3 Kh8 29. g4 Re7 30. Nc4 Qf7 31. Ne3 Qe6 32. Nf5 Ree8 33. g5 Be5 34. Bxe5
fxe5 35. Nd6 Re7 36. Nxe4 Rf7 37. R5d3 Qxb3 38. Rxb3 Ne6 39. Re3 Nd4 40. Kb2
Kg8 41. a4 Rf4 42. Kc3 Nf5 43. Ree1 Rf3+ 44. Rd3 Rxd3+ 45. Kxd3 Rd8+ 46. Kc3
Rc8 47. Nd2 a5 48. Rxe5 axb4+ 49. Kxb4 Nd4 50. Rd5 Ne6 51. Ne4 h6 52. gxh6 gxh6
53. Rd6 Nc7 54. Rd7 Kf8 55. Kc4 Ne6 56. Rxb7 Nf4 57. Nd6 1-0

[Event "Championship Saratov region 2014"]
[Site "Saratov"]
[Date "2014.12.09"]
[Round "4.4"]
[White "Petukhov, Dmitry"]
[Black "Zhdanov, Petr"]
[Result "1-0"]
[WhiteElo "2359"]
[BlackElo "2060"]
[PlyCount "109"]
[EventDate "2014.12.06"]

1. e4 e5 2. Nf3 Nc6 3. Bb5 a6 4. Ba4 Nf6 5. O-O Be7 6. Re1 b5 7. Bb3 O-O 8. h3
Bb7 9. c3 d5 10. exd5 Nxd5 11. Nxe5 Nxe5 12. Rxe5 Nf4 13. d4 Nxg2 14. Qg4 Nh4
15. Nd2 Bf6 16. Re3 Bc8 17. Qh5 Nf5 18. Re1 g6 19. Qf3 Rb8 20. Ne4 Bb7 21.
Nxf6+ Qxf6 22. d5 c5 23. Bc2 Rbd8 24. Rd1 Rfe8 25. Bxf5 Qxf5 26. Qxf5 gxf5 27.
d6 Re6 28. Bf4 Rg6+ 29. Kf1 Rd7 30. Rd3 c4 31. Re3 Re6 32. Rae1 Rxe3 33. Rxe3
f6 34. Re8+ Kf7 35. Rb8 Ke6 36. Ke2 Rf7 37. Ke3 Kd5 38. h4 Bc6 39. h5 Bb7 40.
h6 Bc6 41. Rg8 Rd7 42. Rg7 Kc5 43. Rg8 Bb7 44. Rf8 Be4 45. f3 Bb1 46. a3 a5 47.
Rc8+ Kd5 48. Rc7 Ke6 49. Kd4 Bc2 50. Kc5 Bd1 51. Kxb5 Bxf3 52. Kxc4 a4 53. Kb5
Bd1 54. Kb6 Bf3 55. c4 1-0

[Event "Championship Saratov region 2014"]
[Site "Saratov"]
[Date "2014.12.09"]
[Round "4.5"]
[White "Sudnik, Pavel"]
[Black "Sanzhaev, Darsen"]
[Result "0-1"]
[WhiteElo "2032"]
[BlackElo "2344"]
[PlyCount "96"]
[EventDate "2014.12.06"]

1. e4 c5 2. Nc3 e6 3. d3 Nc6 4. g3 a6 5. Bg2 Nf6 6. f4 d5 7. e5 Nd7 8. Nf3 b5
9. O-O Bb7 10. Ne2 Qb6 11. c3 d4 12. Kh1 Be7 13. a3 a5 14. g4 a4 15. Ng3 Na5
16. cxd4 cxd4 17. Qe2 O-O-O 18. Ne4 Nb3 19. Rb1 Ndc5 20. Nxc5 Qxc5 21. Bd2 Kb8
22. Bb4 Qc7 23. Bxe7 Qxe7 24. Nd2 Rc8 25. Ne4 Bxe4 26. Qxe4 Ka7 27. Rf2 h5 28.
g5 g6 29. Bf3 Rc5 30. Kg2 Kb6 31. Bd1 Qb7 32. Bxb3 axb3 33. Qxb7+ Kxb7 34. Kf3
Rd8 35. Ke4 Kb6 36. h4 Ka5 37. Rd1 Ka4 38. Rdd2 Rc1 39. Rh2 b4 40. axb4 Kxb4
41. Rde2 Kc5 42. Rd2 Ra8 43. Kf3 Raa1 44. Rhf2 Kd5 45. Kg3 Re1 46. Rh2 Re3+ 47.
Kf2 Rc1 48. Kg2 Rc2 0-1

[Event "Championship Saratov region 2014"]
[Site "Saratov"]
[Date "2014.12.09"]
[Round "4.6"]
[White "Efimov, Ivan"]
[Black "Aleev, Aleksandr"]
[Result "1-0"]
[WhiteElo "2157"]
[BlackElo "1949"]
[PlyCount "77"]
[EventDate "2014.12.06"]

1. e4 e6 2. d4 d5 3. Nc3 Bb4 4. e5 c5 5. a3 cxd4 6. axb4 dxc3 7. Nf3 Bd7 8. Bd3
Qc7 9. O-O Nc6 10. bxc3 Nxe5 11. Bf4 Nxf3+ 12. Qxf3 Qxc3 13. Qg3 Ne7 14. Be5
Qc6 15. Qxg7 Rg8 16. Qxh7 b5 17. Bd4 a6 18. Rfe1 Qd6 19. c3 Bc6 20. Re3 Rf8 21.
Qh4 Bb7 22. Qf6 Rc8 23. h4 Kd7 24. h5 Ng8 25. Qg7 Qe7 26. Bc5 Rxc5 27. bxc5 Nf6
28. Rf3 Ne8 29. Qg4 f5 30. Qb4 Kc6 31. Re1 Qf7 32. Rg3 Rg8 33. Rxg8 Qxg8 34.
Qh4 Kd7 35. Bxf5 Ng7 36. Bg6 Bc8 37. Qf6 a5 38. Bf7 Qf8 39. h6 1-0

[Event "Championship Saratov region 2014"]
[Site "Saratov"]
[Date "2014.12.09"]
[Round "4.7"]
[White "Palin, Denis"]
[Black "Kavyev, Ruslan"]
[Result "1-0"]
[WhiteElo "2108"]
[BlackElo "1854"]
[PlyCount "73"]
[EventDate "2014.12.06"]

1. c4 c5 2. Nc3 Nc6 3. g3 g6 4. Bg2 Bg7 5. e3 Nh6 6. Nge2 Nf5 7. a3 O-O 8. O-O
Rb8 9. Rb1 b6 10. b4 Bb7 11. d3 e6 12. bxc5 bxc5 13. Na4 Qe7 14. Bb2 Rfd8 15.
Bxg7 Kxg7 16. Qd2 Kg8 17. Nec3 Na5 18. Ne4 Bxe4 19. dxe4 Nxc4 20. Qc3 Nfd6 21.
Rxb8 Rxb8 22. e5 Nb6 23. exd6 Nxa4 24. Qa5 Qxd6 25. Qxa4 Qc7 26. Rc1 d5 27. e4
Rd8 28. exd5 exd5 29. Qb5 d4 30. Qxc5 Qd7 31. Qc7 Qe8 32. Bc6 Qf8 33. Re1 d3
34. Qxd8 Qxd8 35. Re8+ Qxe8 36. Bxe8 d2 37. Ba4 1-0

[Event "Championship Saratov region 2014"]
[Site "Saratov"]
[Date "2014.12.09"]
[Round "4.8"]
[White "Kruzhilin, Aleksey"]
[Black "Protopopova, Anastasiya"]
[Result "1-0"]
[WhiteElo "2059"]
[BlackElo "2075"]
[PlyCount "87"]
[EventDate "2014.12.06"]

1. d4 Nf6 2. g3 e6 3. Bg2 d5 4. Nf3 b5 5. O-O Bd6 6. c3 O-O 7. a4 Ba6 8. axb5
Bxb5 9. b3 c5 10. c4 Bc6 11. e3 Nbd7 12. Ba3 Ne4 13. Qc2 Qe7 14. Nbd2 Ndf6 15.
Ne5 Bb7 16. Nxe4 Nxe4 17. Bxe4 dxe4 18. Bxc5 Bxc5 19. dxc5 Qc7 20. Qc3 f6 21.
c6 Bxc6 22. Nxc6 Qxc6 23. Rfd1 a6 24. c5 Rfd8 25. Rxd8+ Rxd8 26. Qc4 Ra8 27. b4
Kf7 28. Rd1 Rc8 29. Ra1 Ra8 30. Kg2 f5 31. Rd1 Rc8 32. Qd4 Rb8 33. Qe5 Re8 34.
Rd6 Qb5 35. Rb6 Qe2 36. Rb7+ Re7 37. Rxe7+ Kxe7 38. Qxg7+ Ke8 39. Qg8+ Kd7 40.
Qf7+ Kd8 41. Qf8+ Kc7 42. Qd6+ Kc8 43. Qxe6+ Kb7 44. Qxf5 1-0

[Event "Championship Saratov region 2014"]
[Site "Saratov"]
[Date "2014.12.09"]
[Round "4.9"]
[White "Kvitka, Roman"]
[Black "Khatkevich, Alexandr"]
[Result "1-0"]
[WhiteElo "2140"]
[BlackElo "2049"]
[PlyCount "101"]
[EventDate "2014.12.06"]

1. d4 d5 2. c4 e6 3. g3 Nf6 4. Bg2 h6 5. Nf3 Nbd7 6. O-O c6 7. Qc2 Bd6 8. Nbd2
O-O 9. e4 dxe4 10. Nxe4 Nxe4 11. Qxe4 Re8 12. Rd1 Qe7 13. Ne5 Nf6 14. Qe2 c5
15. Bf4 cxd4 16. Rxd4 Bc5 17. Rd3 Nh7 18. Rad1 Nf8 19. Be4 f6 20. Ng6 Qf7 21.
Nxf8 Bxf8 22. Bd6 e5 23. c5 Be6 24. Bxf8 Rxf8 25. Rd6 Kh8 26. Bd5 Bxd5 27.
R1xd5 Qg6 28. b4 Qb1+ 29. Kg2 Qxb4 30. Rd7 Rac8 31. Qc2 Rg8 32. Kg1 Qb5 33. a4
Qc6 34. Qb3 Rc7 35. R7d6 Qe8 36. a5 Qc8 37. Qb5 a6 38. Qb4 Re8 39. Qc4 Qf5 40.
Rd8 Rxd8 41. Rxd8+ Kh7 42. Qg8+ Kg6 43. Qe8+ Rf7 44. h4 h5 45. Rd6 Qb1+ 46. Kg2
Qe4+ 47. Kg1 Qe1+ 48. Kg2 Qxa5 49. Rd7 Qa2 50. g4 Qc4 51. Qxf7+ 1-0

[Event "Championship Saratov region 2014"]
[Site "Saratov"]
[Date "2014.12.09"]
[Round "4.10"]
[White "Stepanov, Nikolay"]
[Black "Lysenkov, Alexandr"]
[Result "1/2-1/2"]
[WhiteElo "1602"]
[BlackElo "2113"]
[PlyCount "77"]
[EventDate "2014.12.06"]

1. d4 Nf6 2. c4 e6 3. Nf3 b6 4. g3 Bb7 5. Bg2 c5 6. O-O Be7 7. Nc3 O-O 8. dxc5
bxc5 9. Bf4 Qb6 10. Qc2 Na6 11. Rad1 d5 12. Ne5 Rad8 13. b3 Nb4 14. Qb1 d4 15.
Na4 Qa6 16. Bxb7 Qxb7 17. a3 Na6 18. Qd3 Ne4 19. f3 Nd6 20. Ng4 Nf5 21. Nf2 f6
22. Qc2 Qc8 23. Nb2 Bd6 24. Bd2 Rfe8 25. Rfe1 Qb7 26. Nbd3 Ne7 27. Ne4 Nc6 28.
Nxd6 Rxd6 29. Rb1 Ne5 30. Nxe5 fxe5 31. b4 d3 32. exd3 Qxf3 33. Re3 Qf5 34. Rf1
Qg6 35. b5 Nb8 36. Rff3 Nd7 37. Bc3 Rd8 38. Qa4 Nf6 39. Bxe5 1/2-1/2

[Event "Championship Saratov region 2014"]
[Site "Saratov"]
[Date "2014.12.09"]
[Round "4.11"]
[White "Gagarkine, Nikolay"]
[Black "Chekmareva, Liya"]
[Result "0-1"]
[WhiteElo "1838"]
[BlackElo "1948"]
[PlyCount "106"]
[EventDate "2014.12.06"]

1. g3 Nf6 2. Bg2 d5 3. d4 g6 4. Nf3 Bg7 5. O-O O-O 6. Nbd2 Nbd7 7. c4 dxc4 8.
Nxc4 c5 9. dxc5 Nxc5 10. Qxd8 Rxd8 11. Be3 Ne6 12. Rad1 Nd5 13. Bc1 Nb4 14. a3
Nc6 15. Rxd8+ Nexd8 16. b4 Be6 17. Nb2 Rc8 18. Nd3 Bc4 19. Be3 Ne6 20. Rc1 b5
21. Nd2 Ncd4 22. Bf1 Rc7 23. f3 a6 24. Kf2 Bxd3 25. Rxc7 Nxc7 26. exd3 Nc2 27.
Bc5 Nd5 28. Nb1 Bb2 29. f4 Nxa3 30. Bg2 e6 31. Bxd5 exd5 32. Nxa3 Bxa3 33. d4
Kg7 34. Ke2 Kf6 35. h3 Kf5 36. Kf3 Bc1 37. g4+ Ke6 38. Bb6 Bd2 39. Ba5 f5 40.
Kg3 Bc3 41. Kh4 h6 42. Kg3 Bxd4 43. h4 fxg4 44. Kxg4 Bc3 45. Bb6 d4 46. Bc5 Kd5
47. h5 gxh5+ 48. Kf3 h4 49. Be7 h3 50. Bf6 Bxb4 51. Bg7 d3 52. f5 d2 53. Ke2 h2
0-1

[Event "Championship Saratov region 2014"]
[Site "Saratov"]
[Date "2014.12.09"]
[Round "4.12"]
[White "Tatarinov, Andrey"]
[Black "Upolovnev, Vladimir"]
[Result "1-0"]
[WhiteElo "1625"]
[BlackElo "1909"]
[PlyCount "73"]
[EventDate "2014.12.06"]

1. Nf3 d5 2. c4 c6 3. g3 Bf5 4. Bg2 e6 5. O-O h6 6. b3 Nf6 7. Bb2 Nbd7 8. d3
Be7 9. Nbd2 O-O 10. Qc2 Rc8 11. e4 Bh7 12. Rfe1 Qb6 13. Re2 dxe4 14. Nxe4 Rfd8
15. Bd4 c5 16. Bc3 Qc7 17. Rd1 Nxe4 18. dxe4 Bf6 19. Ne1 Bxc3 20. Qxc3 Ne5 21.
Red2 Rxd2 22. Qxd2 Bg6 23. Qc3 Nc6 24. Nc2 e5 25. Rd5 Nd4 26. Qd2 f6 27. Nxd4
exd4 28. Qf4 Bf7 29. Rd6 Re8 30. Rxf6 Qe7 31. Rd6 Rf8 32. e5 Bxc4 33. Qc1 Be6
34. Qxc5 Rc8 35. Qa3 Bf5 36. Bd5+ Kh7 37. Rxh6+ 1-0

[Event "Championship Saratov region 2014"]
[Site "Saratov"]
[Date "2014.12.09"]
[Round "4.13"]
[White "Brekhov, Denis"]
[Black "Gitelson, Arkady"]
[Result "1/2-1/2"]
[WhiteElo "1949"]
[BlackElo "1854"]
[PlyCount "69"]
[EventDate "2014.12.06"]

1. e4 e6 2. d4 d5 3. e5 c5 4. c3 Qb6 5. Nf3 Nc6 6. a3 c4 7. g3 Na5 8. Nbd2 Bd7
9. Bh3 Ne7 10. O-O Nc8 11. Ne1 Qc7 12. f4 g6 13. Qf3 h5 14. Nc2 Ne7 15. Ne3
O-O-O 16. Rb1 Ba4 17. Qe2 Nf5 18. Nf3 Be7 19. Ng5 Bxg5 20. fxg5 Rdf8 21. Bxf5
gxf5 22. h4 Qb6 23. Ng2 Qb3 24. Ne3 Nc6 25. Bd2 Ne7 26. Rfc1 Ng6 27. Ng2 Qb6
28. Bf4 Bb3 29. Ne3 a5 30. Qf3 Rd8 31. Ra1 a4 32. Nf1 Qc6 33. Nd2 b5 34. Nxb3
axb3 35. Qe2 1/2-1/2

[Event "Championship Saratov region 2014"]
[Site "Saratov"]
[Date "2014.12.09"]
[Round "4.14"]
[White "Brineva, Elena G"]
[Black "Vdovin, Sergey"]
[Result "0-1"]
[WhiteElo "1910"]
[BlackElo "1792"]
[PlyCount "80"]
[EventDate "2014.12.06"]

1. c4 e5 2. Nc3 Nf6 3. g3 d5 4. cxd5 Nxd5 5. Bg2 Nb6 6. Nf3 Nc6 7. O-O Be7 8.
d3 g5 9. b3 g4 10. Nd2 h5 11. Bb2 h4 12. Nc4 hxg3 13. Bxc6+ bxc6 14. hxg3 Bd6
15. Kg2 Rh3 16. Rh1 Be6 17. Rxh3 gxh3+ 18. Kh2 Qe7 19. Na5 Kd7 20. Qc2 c5 21.
Rc1 f5 22. Nb5 Qf7 23. Nb7 f4 24. Nxc5+ Ke7 25. Ne4 fxg3+ 26. fxg3 Rc8 27. Nxa7
Rg8 28. Nc6+ Ke8 29. Nxe5 Qf5 30. Nf3 Nd5 31. Qc6+ Ke7 32. Nxd6 cxd6 33. Ba3
Rd8 34. Rc4 Ne3 35. Qc7+ Rd7 36. Bxd6+ Ke8 37. Rc5 Ng4+ 38. Kh1 Rxc7 39. Rxf5
Rc1+ 40. Ng1 Bxf5 0-1

[Event "Championship Saratov region 2014"]
[Site "Saratov"]
[Date "2014.12.09"]
[Round "4.15"]
[White "Fedukin, Alexandre"]
[Black "Golbraikh, Leonid"]
[Result "1-0"]
[WhiteElo "1862"]
[BlackElo "1576"]
[PlyCount "135"]
[EventDate "2014.12.06"]

1. c4 c5 2. Nf3 Nc6 3. d4 cxd4 4. Nxd4 Nf6 5. Nc3 e6 6. a3 d5 7. cxd5 Nxd5 8.
Nxc6 bxc6 9. Qd3 Bd7 10. e4 Nb6 11. Bf4 Bc5 12. Bd6 Bxd6 13. Qxd6 Qe7 14. O-O-O
Qxd6 15. Rxd6 Ke7 16. Rd2 e5 17. Be2 Rad8 18. b4 Be6 19. Rhd1 Rxd2 20. Rxd2 Rd8
21. a4 Rxd2 22. Kxd2 Nc4+ 23. Bxc4 Bxc4 24. a5 Kd6 25. Na4 Ke6 26. Nc5+ Kd6 27.
Ke3 Ke7 28. h4 h5 29. g3 f6 30. f4 g6 31. Kd2 Kd6 32. Kc3 Bb5 33. Nb3 Ba6 34.
Nc5 Bb5 35. Kd2 Ke7 36. Ke3 Kd6 37. Kf3 Ke7 38. g4 hxg4+ 39. Kxg4 Be2+ 40. Kg3
Kd6 41. Kf2 Bb5 42. f5 gxf5 43. h5 Bc4 44. exf5 Bg8 45. Ke3 Bh7 46. Ke4 Bg8 47.
h6 Bd5+ 48. Kd3 Bg8 49. Ne6 Ke7 50. Kc4 Bh7 51. Ng7 Kd6 52. a6 Bg8+ 53. Kd3 Bh7
54. Ke4 Ke7 55. Ne6 Bg8 56. Kf3 Bh7 57. Kg4 Ke8 58. b5 cxb5 59. Nc7+ Kf8 60.
Nxb5 Bg8 61. Nxa7 Bc4 62. Nc6 Bxa6 63. Kh5 e4 64. Kg6 Kg8 65. h7+ Kh8 66. Kh6
Bc8 67. Nd8 e3 68. Nf7# 1-0

[Event "Championship Saratov region 2014"]
[Site "Saratov"]
[Date "2014.12.09"]
[Round "4.16"]
[White "Kavyev, Emil"]
[Black "Bolychevsky, Alexander"]
[Result "1/2-1/2"]
[WhiteElo "1714"]
[BlackElo "1861"]
[PlyCount "37"]
[EventDate "2014.12.06"]

1. e4 e6 2. d4 d5 3. Nd2 c5 4. exd5 Qxd5 5. Ngf3 cxd4 6. Bc4 Qd8 7. O-O Nc6 8.
Nb3 Nf6 9. Nbxd4 Nxd4 10. Qxd4 Qxd4 11. Nxd4 a6 12. a4 b6 13. c3 Bb7 14. Bf4
Rc8 15. Bb3 Bc5 16. Rad1 O-O 17. Nc2 Rfd8 18. Be3 Bxe3 19. Nxe3 1/2-1/2

[Event "Championship Saratov region 2014"]
[Site "Saratov"]
[Date "2014.12.09"]
[Round "4.18"]
[White "Raisov, Idris"]
[Black "Tyapkin, Petr"]
[Result "1-0"]
[WhiteElo "2049"]
[BlackElo "1750"]
[PlyCount "101"]
[EventDate "2014.12.06"]

1. d4 Nf6 2. Nf3 g6 3. c4 Bg7 4. Nc3 O-O 5. e4 d6 6. h3 e5 7. dxe5 dxe5 8. Qxd8
Rxd8 9. Bg5 Re8 10. O-O-O c6 11. Be2 Nbd7 12. Be3 Bf8 13. Nd2 a5 14. Na4 Bb4
15. f3 Nh5 16. Rhe1 Nf4 17. Bf1 Ne6 18. a3 Be7 19. Nb3 Bg5 20. Bxg5 Nxg5 21. c5
Re7 22. Rd6 f5 23. Bc4+ Kg7 24. exf5 gxf5 25. Nd4 Re8 26. Nxf5+ Kf8 27. Nh6 e4
28. h4 exf3 29. Rxe8+ Kxe8 30. hxg5 fxg2 31. Rd1 Ne5 32. Be2 Bh3 33. Bh5+ Ke7
34. Nc3 Nd3+ 35. Kc2 Rf8 36. Ne2 Nf4 37. Ng1 Be6 38. Bg4 Bd5 39. Nf5+ Ke8 40.
Ne3 Be4+ 41. Kc3 Rg8 42. Bf3 Bxf3 43. Nxf3 h5 44. Re1 Kd8 45. Nf5 Nh3 46. Nd6
Rf8 47. Ng1 Nxg1 48. Rxg1 Rf3+ 49. Kd2 Rg3 50. Ke2 Rxg5 51. Nf7+ 1-0

[Event "Championship Saratov region 2014"]
[Site "Saratov"]
[Date "2014.12.09"]
[Round "4.19"]
[White "Machkalyan, Karen"]
[Black "Davydov, Artem"]
[Result "1-0"]
[WhiteElo "1769"]
[BlackElo "1713"]
[PlyCount "67"]
[EventDate "2014.12.06"]

1. e4 c5 2. Nc3 Nc6 3. g3 g6 4. Bg2 Bg7 5. d3 d6 6. Be3 e5 7. Qd2 Nge7 8. Nge2
Nd4 9. O-O O-O 10. Nd1 Be6 11. c3 Nxe2+ 12. Qxe2 Rb8 13. f4 exf4 14. Bxf4 b5
15. Qd2 a5 16. Bh6 d5 17. Bxg7 Kxg7 18. d4 dxe4 19. Bxe4 cxd4 20. cxd4 Bd5 21.
Nc3 Bxe4 22. Nxe4 Qb6 23. Rf6 Qa7 24. Raf1 Nd5 25. R6f2 f5 26. Nc5 Rfe8 27. Re2
Nf6 28. Rfe1 Rxe2 29. Rxe2 Kh8 30. Re6 Rb6 31. Qe1 b4 32. Re7 Qa8 33. Nd7 Qd8
34. Qe5 1-0

[Event "Championship Saratov region 2014"]
[Site "Saratov"]
[Date "2014.12.10"]
[Round "5.1"]
[White "Gluhenkii, Dmitry"]
[Black "Biryukov, Dmitriy"]
[Result "1/2-1/2"]
[WhiteElo "2141"]
[BlackElo "2278"]
[PlyCount "202"]
[EventDate "2014.12.06"]

1. e4 d6 2. g3 g6 3. h4 h5 4. d3 Bg7 5. c3 c5 6. Bg5 Nc6 7. Nd2 Nf6 8. Ngf3 O-O
9. Bg2 Ng4 10. Nc4 b5 11. Na3 b4 12. Nb1 Qb6 13. Qc2 bxc3 14. Nxc3 Nb4 15. Qd2
Nxd3+ 16. Qxd3 Qxb2 17. O-O Qxc3 18. Qxc3 Bxc3 19. Bxe7 Bxa1 20. Rxa1 Be6 21.
Bxd6 Rfd8 22. Bxc5 Rac8 23. Bxa7 Ra8 24. Bb6 Rxa2 25. Re1 Rc8 26. Ng5 Rac2 27.
Nxe6 Rc1 28. Rxc1 Rxc1+ 29. Bf1 fxe6 30. Kg2 Kf7 31. Bd4 e5 32. Bb6 Ke6 33. Be2
Nf6 34. f3 Ne8 35. Kh3 Nd6 36. Bd8 Re1 37. Ba6 Ra1 38. Be2 Ra2 39. Bd1 Rd2 40.
Bb3+ Kd7 41. Bf6 Rd3 42. Bd5 Rxf3 43. Bxe5 Nxe4 44. Bxe4 Re3 45. Bxg6 Rxe5 46.
g4 Re3+ 47. Kg2 hxg4 48. Bf5+ Ke7 49. Bxg4 Kf6 50. Kf2 Ra3 51. Bd7 Ke5 52. h5
Kf4 53. Be8 Ra2+ 54. Ke1 Rh2 55. Bg6 Ke3 56. Kd1 Kd4 57. Kc1 Rg2 58. Kd1 Ke3
59. Kc1 Rg5 60. Kc2 Kd4 61. Kd2 Rg3 62. Ke2 Ke5 63. Kd2 Kf4 64. Kc2 Ke5 65. Kd2
Kd4 66. Ke2 Re3+ 67. Kd2 Re6 68. Kd1 Kc3 69. Bf7 Re7 70. Bg6 Re6 71. Bf7 Re3
72. Bg6 Rg3 73. Ke2 Kd4 74. Kf2 Rg5 75. Kf3 Ke5 76. Kf2 Kf4 77. Ke2 Rg3 78. Kf2
Ra3 79. Ke2 Ra6 80. Kd3 Rd6+ 81. Kc4 Ke5 82. Kc3 Rf6 83. Kd3 Rf3+ 84. Kc4 Rh3
85. Bf7 Rh4+ 86. Kd3 Rg4 87. Bg6 Rg3+ 88. Kc4 Rh3 89. Bf7 Rf3 90. Bg6 Rf6 91.
Kd3 Rc6 92. Bf7 Rd6+ 93. Kc4 Rd4+ 94. Kc3 Rf4 95. Bg6 Rf3+ 96. Kc4 Rg3 97. Bf7
Rg4+ 98. Kd3 Rh4 99. Bg6 Rd4+ 100. Kc3 Rd7 101. Kc4 Rc7+ 1/2-1/2

[Event "Championship Saratov region 2014"]
[Site "Saratov"]
[Date "2014.12.10"]
[Round "5.2"]
[White "Karpenko, Artem"]
[Black "Shlegin, Stanislav"]
[Result "1/2-1/2"]
[WhiteElo "2165"]
[BlackElo "2336"]
[PlyCount "79"]
[EventDate "2014.12.06"]

1. d4 Nf6 2. c4 g6 3. Nc3 Bg7 4. e4 O-O 5. f3 c6 6. Be3 d5 7. e5 Ne8 8. cxd5
cxd5 9. f4 Nc6 10. Nf3 f5 11. Bd3 e6 12. O-O a6 13. Na4 h6 14. Rc1 Rf7 15. Qb3
Bf8 16. Bd2 Nc7 17. Qb6 Rg7 18. Kh1 Qe8 19. Nc5 Nb5 20. Nxa6 Rxa6 21. Qxb5 Rxa2
22. Ra1 Rxa1 23. Rxa1 Qd8 24. Rg1 Qc7 25. h3 Be7 26. g4 Bd7 27. Qb3 Be8 28. Qc2
Bd8 29. Bc3 Qf7 30. Qd2 Kh8 31. Qe3 Be7 32. Be1 Qf8 33. Bh4 Bxh4 34. Nxh4 Qe7
35. Nf3 Qb4 36. Qf2 Qe7 37. Ra1 Rg8 38. Rg1 Kh7 39. Qg3 Rg7 40. Qf2 1/2-1/2

[Event "Championship Saratov region 2014"]
[Site "Saratov"]
[Date "2014.12.10"]
[Round "5.3"]
[White "Efimov, Ivan"]
[Black "Petukhov, Dmitry"]
[Result "0-1"]
[WhiteElo "2157"]
[BlackElo "2359"]
[PlyCount "76"]
[EventDate "2014.12.06"]

1. d4 Nf6 2. Nf3 g6 3. g3 Bg7 4. Bg2 d5 5. O-O O-O 6. c4 c6 7. cxd5 cxd5 8. Nc3
Ne4 9. Nxe4 dxe4 10. Ng5 Bxd4 11. Nxe4 Nc6 12. Bh6 Re8 13. Qc1 Qb6 14. Nc3 Be6
15. Rb1 Rac8 16. Qf4 Be5 17. Qa4 Red8 18. e4 Rd4 19. Qb5 Qxb5 20. Nxb5 Rdd8 21.
Nc3 Nb4 22. a3 Nd3 23. Nd5 Bxd5 24. exd5 Nxb2 25. Rfe1 Bf6 26. Re2 Nc4 27. Rxb7
Nd6 28. Rxa7 g5 29. h4 gxh4 30. gxh4 Bxh4 31. Ra4 Bf6 32. Rg4+ Kh8 33. Bg5 Bxg5
34. Rxg5 f6 35. Rg3 Nf5 36. Rd3 Rg8 37. Kh2 Rc4 38. Re4 Rxg2+ 0-1